|
|
|
|
| LEADER |
00933nam a2200253 a 4500 |
| 001 |
344486 |
| 008 |
120620s1977 njua b 001 0 eng |
| 010 |
|
|
|a 76013238
|
| 020 |
|
|
|a 0131397745 :
|c $9.95.
|
| 020 |
|
|
|a 0131397664
|b pbk. :
|c $5.95
|
| 040 |
|
|
|a DLC
|c DLC
|d DLC
|d BD-DhAAL
|
| 050 |
0 |
0 |
|a BF723.C5
|b F62
|
| 082 |
0 |
0 |
|a 155.4/13
|
| 100 |
1 |
|
|a Flavell, John H.
|
| 245 |
1 |
0 |
|a Cognitive development /
|c John H. Flavell.
|
| 260 |
|
|
|a Englewood Cliffs, N.J. :
|b Prentice-Hall,
|c c1977.
|
| 300 |
|
|
|a x, 286 p. :
|b ill. ;
|c 24 cm.
|
| 490 |
0 |
|
|a The Prentice-Hall series in experimental psychology
|
| 504 |
|
|
|a Includes bibliography: (p. 257-273) and index.
|
| 541 |
|
|
|e 00025432
|
| 650 |
|
0 |
|a Cognition in children.
|
| 852 |
1 |
|
|a Ayesha Abed Library
|c General shelf.
|
| 999 |
|
|
|c 12412
|d 12412
|
| 952 |
|
|
|0 0
|1 0
|2 ddc
|4 0
|6 155_413000000000000_FLA
|7 0
|9 20542
|a JPGSPH
|b JPGSPH
|c GEN
|d 2012-06-20
|l 0
|o 155.413 FLA
|p 3060025432
|r 2012-06-20
|t 1
|w 2012-06-20
|y BK
|